[Event "IECC O-3370"]
[Site "IECC email"]
[Date "2011.09.30"]
[Round "?"]
[White "D'Aragona, Vittoria"]
[Black "Gorgolewski, Artur"]
[Result "1-0"]
[WhiteElo "1417"]
[BlackElo "1190"]
[PlyCount "39"]
[EventDate "2011.??.??"]
[EventType "swiss (corr)"]
[EventRounds "2"]
[SourceTitle "Telechess CBM 149"]
[Source "ChessBase"]
[SourceDate "2012.07.17"]
[SourceVersion "1"]
[SourceVersionDate "2012.07.17"]
[SourceQuality "1"]
[WhiteTeam "Italy"]
[BlackTeam "Poland"]
[WhiteTeamCountry "ITA"]
[BlackTeamCountry "POL"]

1. e4 d5 2. exd5 Qxd5 3. Nf3 e5 4. Nc3 Qa5 5. Bc4 Be6 6. Bxe6 fxe6 7. 0-0 Nc6 8. Ng5 Nd4 9. Ne2 0-0-0 10. Nf7 Qb5 11. Nxd4 Rxd4 12. Nxh8 Nh6 13. d3 Qd7 14. Qf3 Nf5 15. Be3 g5 16. Bxd4 exd4 17. g4 Bg7 18. gxf5 exf5 19. Qh5 Bxh8 20. Rae1 1-0